000 00318nam a2200133Ia 4500
008 150301s2015 xx 000 0 und d
082 _a615.1
_bP11K
100 _aASHUTOSH KAR
245 _aPHARMACEUTICAL INDUSTRIAL MANAGEMENT
260 _bAHUJA PUB. HOUSE
300 _a242
650 _aPAHRMACY
942 _2ddc
_cBK
999 _c7093
_d7093